| 000 | 00553nam a22002057i 4500 | ||
|---|---|---|---|
| 001 | 4219 | ||
| 003 | OSt | ||
| 005 | 20170126082332.0 | ||
| 007 | tu | ||
| 008 | 161220s1999 xxu||||| |||| 00| 0 d | ||
| 024 | 7 |
_a4218 _2RID |
|
| 040 | _cOSt | ||
| 084 |
_a21.02 _2z |
||
| 100 | 1 | _aMichaelowa, Axel | |
| 245 | 0 | 0 | _aEarly Crediting of Emissions Reduction - a Panacea or Pandora's Box |
| 260 |
_aHamburg : _bHWWA-Institut für Wirtschaftsforschung,Hamburg, _c1999. |
||
| 300 |
_a19 S. ; _c30cm. |
||
| 490 |
_aHWWA-Diskussionspapier _v73 |
||
| 700 | 1 | _aStronzik, Marcus | |
| 942 | _cB | ||
| 999 |
_c4143 _d4143 |
||